00609nam a2200133Ia 4500008004100000024005600041082001900097100009600116245007100212260002500283600002700308650003300335856010700368250506s9999 xx 000 0 und d a08B-134-EE, 07A-107-EE, 07B-154-EE & 08B-136-EE a621.395072 MOH aSyed Mohsin Ul Haq Haqqi, Zill Ur Rehman, Muhammad Waqar Tahir & Hafiz Muhammad Waqas Tahir 0aExamination Attendance and Monitoring System using RFID Technology aKarachi:bUIT,c2008 aElectronic Engineering aBachelor of Engineering (BE) uhttps://drive.google.com/file/d/1GLubi9zGPZpmecSLmc44zzpJ9Cra2RhO/view?usp=sharingyClick Here for PDF